Statistics for CG5 2021 Songs

Click here to take the quiz!

General Stats

  • This quiz has been taken 30 times
  • The average score is 13 of 26

Answer Stats

HintAnswerFeature% Correct
Dream (Youtuber)I See A DreamerNone
100%
BadBoyHalo (Youtuber)MUFFINBadBoyHalo, Skeppy, CaptainPuffy & Hyper Potions
89%
Tommyinnit (Youtuber)tommy innitNone
84%
Among UsGood To Be AliveNone
79%
Ranboo from Dream SMPVibrant EyesNone
74%
Dream SMPGone AwayNone
68%
Technoblade (Youtuber)InjusticeNone
63%
Minecraft / Dream SMPSparkly AbsCaptainSparklez
63%
OriginalMonday MorningDHeusta, Nenorama, OR3O, Dolvondo, Chi-Chi, Kathy Chan, DJ Smell & Genuine
58%
Friday Night FunkinOK FRIDAYRustage & Annapantsu
58%
#TeamSeasOcean BluePrecious Jewel Amor
53%
FNAF: Into The PitWonderlandNone
53%
Squid GameInspector RoyaleNone
47%
Poppy PlaytimePoison BloomsNone
47%
ChristmasChristmas DreamsNone
42%
Little Nightmares 2They Feast TonightNone
37%
Dream SMPWhy Did The Chicken Cross The Road?None
37%
ParappadropthebassonthestereoNone
32%
EggdogHow To Be An EggdogNone
32%
OriginalFreak OutNone
26%
Rachet & Clank: Rift ApartImprovisingLollia
26%
Minecraftsleeping in the netherNone
26%
OriginalDear CalypsoNone
21%
OriginalI GET SICK OF LOVE!None
21%
Friday Night FunkinFNF: CG5 Edition - Week 1None
16%
Axolotl from MinecraftPheonix Of The SeaNone
16%

Score Distribution

Percentile by Number Answered

Percent of People with Each Score

Your Score History

You have not taken this quiz